Odhalil zákulisie dvoch vojen

Podrobná bibliografia
Hlavný autor: Bothová-Hegedüsová, Zuzana (Autor)
Médium: Článok
Jazyk:slovenčina
Predmet:

MARC

LEADER 00000nab a2200000 a 4500
001 vtls000003635
003 SK-MaSNL
005 20260303165558.0
008 111103c1978 xo 0 slo
015 |a SNBRB19rr/mm-uuuuu 
035 |a CL0013728 
040 |a SNKBUCL  |b slo  |c SNKBUCL  |e AACR2 
041 0 |a slo 
044 |a xo  |c SK 
080 |a 82:929:830  |2 1981 
080 |a 830"18-19"  |2 1981 
080 |a 830(091)"18-19"  |2 1981 
080 |a 92 Remarque, Erich Maria  |2 1981 
100 1 |a Bothová-Hegedüsová, Zuzana  |4 aut  |9 223554 
245 1 0 |a Odhalil zákulisie dvoch vojen  |c Zuzana Bothová 
600 1 7 |a Remarque, Erich Maria,  |d 1898-1970  |2 snkbucl 
655 7 |a články z novín a časopisov  |2 snkbucl  |9 267496 
655 7 |a články z odboru literárna veda a krásna literatúra  |2 snkbucl  |9 770045 
773 0 |t Pravda  |g Roč. 59, č. 146B (23. 6. 1978), s. 5 
850 |a Slovenská národná knižnica v Martine  |a MTA001 
852 |a SNK  |b KIS3GCP 
958 |a RK 
958 |a LX 
992 |a RBX 
999 |c 2072452  |d 2074382